Ente priyappetta kathakal/ (Record no. 69930)

000 -LEADER
fixed length control field 00387nam a22001577a 4500
020 ## - INTERNATIONAL STANDARD BOOK NUMBER
ISBN 9788126424986
082 ## - DEWEY DECIMAL CLASSIFICATION NUMBER
Classification number M301
Item number BAL/E
100 ## - MAIN ENTRY--AUTHOR NAME
Personal name Balakrishnan C V
245 ## - TITLE STATEMENT
Title Ente priyappetta kathakal/
Statement of responsibility, etc by Balakrishnan C V
260 ## - PUBLICATION, DISTRIBUTION, ETC. (IMPRINT)
Place of publication Kottayam:
Name of publisher DC,
Year of publication 2016.
300 ## - PHYSICAL DESCRIPTION
Number of Pages 120p.
650 ## - SUBJECT ADDED ENTRY--TOPICAL TERM
Topical Term Stories Malayalam
650 ## - SUBJECT ADDED ENTRY--TOPICAL TERM
Topical Term Literature Malayalam
650 ## - SUBJECT ADDED ENTRY--TOPICAL TERM
Topical Term Literature
942 ## - ADDED ENTRY ELEMENTS (KOHA)
Koha item type Book
Holdings
Withdrawn status Lost status Damaged status Not for loan Permanent Location Current Location Shelving location Date acquired Cost, normal purchase price Full call number Accession Number Price effective from Koha item type
        Sree Sankaracharya University of Sanskrit Sree Sankaracharya University of Sanskrit Stacks 30.01.2018 110.00 M301 BAL/E 086984 30.01.2018 Book